Návrh meracieho plánu pre meranie súčiastky Back Cover na súradnicovom meracom stroji

Na minha lista:
Detalhes bibliográficos
Autor principal: Gaži, Michal, 1987- (Author)
Outros Autores: Görögová, Ingrid, 1975- (Thesis advisor)
Formato: Manuscrito Livro
Idioma:eslovaco
Publicado em: Trnava : STU v Bratislave MTF UVTE KOM, 2012
Assuntos:
Acesso em linha:VAIS
Tags: Adicionar Tag
Sem tags, seja o primeiro a adicionar uma tag!

MARC

LEADER 00000ntm a22000003a 4500
001 stu249027
005 20160719160642.4
008 120620s2012----xo------------------slo-d
040 |a STU  |b slo 
041 0 |a slo 
044 |a xo 
100 1 |a Gaži, Michal,  |d 1987-  |4 aut  |X 48752  |7 A000048752 
242 0 0 |a Design of measurement plan for measure component Back Cover on coordinate measuring machine  |y eng 
245 1 |a Návrh meracieho plánu pre meranie súčiastky Back Cover na súradnicovom meracom stroji 
260 |a Trnava :  |b STU v Bratislave MTF UVTE KOM,  |c 2012 
300 |a 94s  |c CD ROM 
650 7 |a počítačová podpora návrhu a výroby  |2 stusub 
650 7 |a Computer-Aided Design and Production  |2 estusub 
650 7 |a Súradnicový merací stroj  |2 stusub 
650 7 |a meranie  |2 stusub 
650 7 |a rovinnosť  |2 stusub 
700 1 |a Görögová, Ingrid,  |d 1975-  |4 ths  |u M3000  |U MTF Materiálovotechnologická fakulta  |T MTF Ústav výrobných technológií  |X 2900  |U M3000  |Y 83  |7 A000002900 
856 4 |a info a plný text  |u http://is.stuba.sk/zp/portal_zp.pl?podrobnosti=80046  |3 VAIS 
996 |c M*DP-10613  |l MMSKP  |s P  |a 0  |w stu249027_0001